000 00408nam a2200181Ia 4500
001 7473
005 20260306160458.0
008 260306t1997||||xx |||||||||||||| ||spa||
041 _aESP
082 _a339
_bF85
100 _aFroyen, Richard T.
_eAUT
245 0 _aMacroeconomía, teorías y políticas
260 _c1997
300 _a
_c
650 _aGEN
654 _aCAN
942 _cLIB
_dJUS
_fJUS
_2ddc
_n
999 _c7473
_d7473